PC troubleshooter
| Main Author: | |
|---|---|
| Format: | Book |
| Published: |
Singapore :
John Wiley & Sons ,
1991
|
| Subjects: |
MARC
| LEADER | 00000cam a2200000 7i4500 | ||
|---|---|---|---|
| 001 | 0000004774 | ||
| 002 | 000005146 | ||
| 005 | 20000330.0 | ||
| 020 | |a 9971510790 | ||
| 090 | 0 | 0 | |a 005.16 |b SIN |
| 100 | 1 | |a Sinclair, Ian | |
| 245 | 1 | 0 | |a PC troubleshooter |c Ian Sinelair |
| 260 | |a Singapore : |b John Wiley & Sons , |c 1991 | ||
| 300 | |a 182p. ; |c 22cm. | ||
| 650 | 0 | 0 | |a Microcomputer |x Maintenance and repair |
| 999 | |a 035483 |b BUKU |c PINJAMAN |e PERPUSTAKAAN KOMUNITI PETALING JAYA | ||